• 首页
  • 本馆介绍
  • 公告通知
  • 最新文献
  • 馆藏检索
  • 电子资源
  • 读者导购
  • 参考咨询
  • 我的图书馆
  • 登录
  • 详细信息显示
  • 放入我的书架
  • 预约/预借图书
  • 作者相关作品
  • 分类相关作品
  • 丛书相关作品
  • 出版社相关作品

书目信息

  • 表格格式
  • 工作单格式
  • 卡片格式
题名:
前后汉故事新编
    
 
作者: 林汉达 编写
分册:  
出版信息: 北京   中华书局  [出版日期不详]
页数: 379-806页
开本: 19cm
丛书名:
单 册:
中图分类: I247.8 , I242
科图分类:
主题词: 历史故事--中国--现代--选集
电子资源:
ISBN:
000 00628nam0 2200229 450
001 1555925197
005 20150121131025.70
010    @dCNY2.05
091    @a10018.414@dCNY2.05
100    @a20070322d em y0chiy0121 ea
101 0  @achi
102    @aCN@b110000
105    @aa z 000ay
200 1  @a前后汉故事新编@9qian hou han gu shi xin bian@f林汉达编写
210    @a北京@c中华书局@d[出版日期不详]
215    @a379-806页@c图@d19cm
606 0  @a历史故事@y中国@z现代@j选集
690    @aI247.8@v5
690    @aI242@v4
701  0 @a林汉达@9lin han da@4编写
801  0 @aCN@bTSSF@c20150121
905    @aZUCC@dI242@eJY24:2
    
    前后汉故事新编/林汉达编写.-北京:中华书局,[出版日期不详]
    379-806页:图;19cm
    
    
    ISBN :CNY2.05
    
●
相关链接 在E读中查询图书 在五车中查询图书 在当当中查询图书 在豆瓣中查询图书


正题名:前后汉故事新编     索取号:I242/JY24:2         预约/预借

序号 登录号 条形码 馆藏地/架位号 状态 备注
1 7847105   278471057   学院路分馆/ [索取号:I242/JY24:2] 在馆    
2 7847106   278471066   学院路分馆/ [索取号:I242/JY24:2] 在馆    
3 7847107   278471075   学院路分馆/ [索取号:I242/JY24:2] 在馆    
4 7847108   278471084   学院路分馆/ [索取号:I242/JY24:2] 在馆    
唐山师范学院图书馆 欢迎您!
大连网信软件有限公司© 版权所有